000 00872nam0a22002651 4500
001 rc\604909
005 20250621181601.0
035 _a(NLR Aleph) 005849061
090 _a5759282
_c5759282
100 _a20031121d1986 |||y0rusy50 ca
101 0 _arus
102 _aRU
105 _ay |||||||||
200 1 _aОтношения Франции со странами Северной Африки
_e(Середина 80-х гг.)
210 _aМ.
_cБ. и.
_d1986
215 _a45 с.
_d21
225 1 _aАфрика
_eНауч.-информ. бюл.
_fАН СССР, Ин-т Африки
_v№ 14
300 _aНа обл. авт. не указан
700 1 _aКукушкин
_bП.В.
_gПавел Владимирович
801 0 _aRU
_bNLR
_gpsbo
801 1 _aRU
_bELAR
_2rusmarc
852 _aNLR
_jП22/2619
852 _aNLR
_jОСХ
942 _cBOOK
980 _aNB